<?xml version="1.0" encoding="UTF-8"?>
<collection xmlns="http://www.loc.gov/MARC21/slim">
 <record>
  <leader>00677cam a2200181 7i4500</leader>
  <controlfield tag="001">0000041133</controlfield>
  <controlfield tag="005">20041130090000.0</controlfield>
  <datafield tag="020" ind1="#" ind2="0">
   <subfield code="a">0471281662 </subfield>
  </datafield>
  <datafield tag="090" ind1="0" ind2="0">
   <subfield code="a">QE 33.2 R4 </subfield>
   <subfield code="b">L693</subfield>
  </datafield>
  <datafield tag="100" ind1="1" ind2="#">
   <subfield code="a">Liang </subfield>
  </datafield>
  <datafield tag="245" ind1="1" ind2="0">
   <subfield code="a">Quantitative remote sensing of land surfaces  </subfield>
   <subfield code="c">Shunlin Liang.</subfield>
  </datafield>
  <datafield tag="260" ind1="#" ind2="#">
   <subfield code="a">Hoboken: </subfield>
   <subfield code="b">Wiley-Interscience, </subfield>
   <subfield code="c">2004..</subfield>
  </datafield>
  <datafield tag="300" ind1="#" ind2="#">
   <subfield code="a">xxvi, 534 p.: </subfield>
   <subfield code="b">ill., maps; </subfield>
   <subfield code="c">25 cm. + $e 1 CD-ROM (4 3/4 in.).</subfield>
  </datafield>
  <datafield tag="650" ind1="0" ind2="0">
   <subfield code="a">Environmental sciences -- </subfield>
   <subfield code="x">Remote sensing </subfield>
  </datafield>
  <datafield tag="650" ind1="0" ind2="0">
   <subfield code="a">Remote sensing </subfield>
  </datafield>
  <datafield tag="650" ind1="0" ind2="0">
   <subfield code="a">Earth sciences -- </subfield>
   <subfield code="x">Remote sensing </subfield>
  </datafield>
  <datafield tag="999" ind1=" " ind2=" ">
   <subfield code="a">1100029763</subfield>
   <subfield code="b">CD-ROM</subfield>
   <subfield code="c">Bahan Pandang Dengar</subfield>
   <subfield code="e">BILIK BAHAN SUMBER MEDIA</subfield>
  </datafield>
  <datafield tag="999" ind1=" " ind2=" ">
   <subfield code="a">1100029762</subfield>
   <subfield code="b">Book</subfield>
   <subfield code="c">Bahan Pandang Dengar</subfield>
   <subfield code="e">KOLEKSI TERBUKA</subfield>
  </datafield>
 </record>
</collection>
